| 000 | 00772cam a22002773a 4500 | ||
|---|---|---|---|
| 001 | 17552 | ||
| 003 | PGUSA | ||
| 005 | 20140828083356.0 | ||
| 008 | 060119s2006||||xxu|||||s|||||000 1 eng d | ||
| 040 |
_aPGUSA _beng |
||
| 042 | _adc | ||
| 050 | 4 | _aPG | |
| 100 | 1 |
_aTolstoy, Leo, graf, _d1828-1910 |
|
| 245 | 1 | 0 |
_aAnna Karénine, Tome I _h[electronic resource] / _cLeo, graf Tolstoy |
| 260 |
_bProject Gutenberg, _c2006 |
||
| 506 | _aPublic domain in the USA. | ||
| 516 | _aElectronic text | ||
| 653 | _aAdultery -- Fiction | ||
| 653 | _aRussia -- Fiction | ||
| 653 | _aDidactic fiction | ||
| 653 | _aMarried women -- Fiction | ||
| 653 | _aLove stories | ||
| 830 | 0 |
_aProject Gutenberg _v17552 |
|
| 856 | 4 | 0 | _uhttp://www.gutenberg.org/ebooks/17552 |
| 942 | _cEB | ||
| 999 |
_c246807 _d246807 |
||